Geomundo : abril 1997 /

Gorde:
Xehetasun bibliografikoak
Beste egile batzuk: González, Gabriel (dirección) (dirección)
Formatua: Liburua
Hizkuntza:gaztelania
Argitaratua: México : Editorial América, 1997, c1997
Gaiak:
Etiketak: Etiketa erantsi
Etiketarik gabe, Izan zaitez lehena erregistro honi etiketa jartzen!

MARC

LEADER 00000nam^a2200000^a^4500
001 000104984
005 20250521000000.0
009 20260310093444.272
022 |a 0256-7253 
037 |a Acervo ITESO - Biblioteca 
041 |a ESP 
082 |a 900. 5  |b GEO 1997 V. 21 T. 4 
240 1 1 |a [Geomundo] 
245 1 0 |a Geomundo :  |b abril 1997 /  |c Dir. de G. González. 
264 4 |a México :  |b Editorial América,  |c 1997, c1997 
300 |a 98 p. 
336 |a texto  |b txt  |2 rdacontenido 
337 |a sin mediación  |b n  |2 rdamedio 
338 |a volumen  |b nc  |2 rdasoporte 
649 |a XX 
650 |a Geografía -  |x Publicaciones Periódicas Mexicanas 
650 |a Barranca del Cobre, México -  |x Descripción 
650 |a Antillas Holandesas -  |x Descripción 
650 |a Vietnam -  |x Descripción 
650 |a Finlandia -  |x Descripción 
650 |a Viajes y Travesías -  |z América 
650 |a Campos de Concentración -  |z Alemania 
650 |a Estudios Cinematográficos -  |z Durango 
650 |a Odontología Legal 
650 |a Medicina Legal 
650 |a Buceo 
700 |a González, Gabriel  |e (dirección) 
910 |a Fondo Jesús Rodríguez 
920 |a Impresos - Libros 
930 |a Fondos Especiales 
905 |a 113 
901 |a 0500041084  |b IT2  |c ESP  |u 20250521 
902 |a https://opac.biblio.iteso.mx/vufind/Record/000104984